[Event "ODJM B 2023"]
[Site "Willingen GER"]
[Date "2023.05.30"]
[Round "4"]
[White "Jansen, Malte"]
[Black "Stiehler, Daniel"]
[Result "0-1"]
[Termination "normal"]
[Board "28"]
[WhiteElo "1503"]
[BlackElo "1493"]
[WhiteClock "00:06:20"]
[BlackClock "00:18:35"]
[PlyCount "82"]
[WhiteFideId "16295137"]
[BlackFideId "34604863"]
[EventCountry "GER"]
[EventRounds "9"]
[EventType "swiss"]
[EventDate "2023.05.27"]

1. e4 {[%clk 01:30:55]} {[%emt 00:00:04]} d6 {[%clk 01:30:54]} {[%emt
00:00:06]} 2. d4 {[%clk 01:30:43]} {[%emt 00:00:42]} g6 {[%clk 01:30:37]}
{[%emt 00:00:48]} 3. Nf3 {[%clk 01:30:24]} {[%emt 00:00:48]} Bg7 {[%clk
01:31:01]} {[%emt 00:00:05]} 4. Bc4 {[%clk 01:29:24]} {[%emt 00:01:31]} e6
{[%clk 01:30:34]} {[%emt 00:00:57]} 5. O-O {[%clk 01:28:09]} {[%emt 00:01:46]}
Nd7 {[%clk 01:30:52]} {[%emt 00:00:12]} 6. Nc3 {[%clk 01:23:49]} {[%emt
00:04:49]} a6 {[%clk 01:31:09]} {[%emt 00:00:13]} 7. Be3 {[%clk 01:21:35]}
{[%emt 00:02:43]} b5 {[%clk 01:31:22]} {[%emt 00:00:19]} 8. Bd3 {[%clk
01:20:33]} {[%emt 00:01:32]} Bb7 {[%clk 01:31:28]} {[%emt 00:00:24]} 9. Re1
{[%clk 01:17:30]} {[%emt 00:03:32]} Ne7 {[%clk 01:30:02]} {[%emt 00:01:56]} 10.
Qd2 {[%clk 01:10:45]} {[%emt 00:07:15]} O-O {[%clk 01:25:16]} {[%emt 00:05:17]}
11. Bh6 {[%clk 01:05:50]} {[%emt 00:05:25]} c5 {[%clk 01:20:27]} {[%emt
00:05:19]} 12. Bxg7 {[%clk 01:02:41]} {[%emt 00:03:38]} Kxg7 {[%clk 01:20:38]}
{[%emt 00:00:19]} 13. Rad1 {[%clk 00:55:46]} {[%emt 00:07:25]} c4 {[%clk
01:18:28]} {[%emt 00:02:40]} 14. Bf1 {[%clk 00:54:21]} {[%emt 00:01:55]} Rc8
{[%clk 01:16:28]} {[%emt 00:02:27]} 15. Qf4 {[%clk 00:50:11]} {[%emt 00:04:43]}
Nf6 {[%clk 01:12:14]} {[%emt 00:04:41]} 16. e5 {[%clk 00:44:39]} {[%emt
00:06:05]} Nfd5 {[%clk 01:09:46]} {[%emt 00:02:58]} 17. Nxd5 {[%clk 00:40:49]}
{[%emt 00:04:20]} Nxd5 {[%clk 01:09:19]} {[%emt 00:00:57]} 18. Qg3 {[%clk
00:40:18]} {[%emt 00:01:01]} Qa5 {[%clk 00:57:07]} {[%emt 00:12:42]} 19. exd6
{[%clk 00:34:57]} {[%emt 00:05:51]} Qxa2 {[%clk 00:50:47]} {[%emt 00:06:50]}
20. Ne5 {[%clk 00:31:39]} {[%emt 00:03:47]} Qxb2 {[%clk 00:48:10]} {[%emt
00:03:07]} 21. Nd7 {[%clk 00:27:08]} {[%emt 00:05:02]} Rfe8 {[%clk 00:44:25]}
{[%emt 00:04:10]} 22. Nc5 {[%clk 00:24:04]} {[%emt 00:03:39]} Rb8 {[%clk
00:41:14]} {[%emt 00:03:41]} 23. d7 {[%clk 00:22:51]} {[%emt 00:01:43]} Rf8
{[%clk 00:30:39]} {[%emt 00:11:05]} 24. Qxb8 {[%clk 00:20:43]} {[%emt
00:02:38]} Rxb8 {[%clk 00:30:46]} {[%emt 00:00:23]} 25. Nxb7 {[%clk 00:21:03]}
{[%emt 00:00:10]} Qxc2 {[%clk 00:23:25]} {[%emt 00:07:50]} 26. d8=Q {[%clk
00:20:29]} {[%emt 00:00:16]} Rxd8 {[%clk 00:23:28]} {[%emt 00:01:16]} 27. Nxd8
{[%clk 00:20:51]} {[%emt 00:00:07]} a5 {[%clk 00:22:52]} {[%emt 00:01:06]} 28.
Nc6 {[%clk 00:20:50]} {[%emt 00:00:32]} a4 {[%clk 00:22:53]} {[%emt 00:00:29]}
29. Rb1 {[%clk 00:19:45]} {[%emt 00:01:34]} Qc3 {[%clk 00:23:07]} {[%emt
00:00:17]} 30. Rec1 {[%clk 00:18:22]} {[%emt 00:01:53]} Qa3 {[%clk 00:22:48]}
{[%emt 00:00:47]} 31. Rc2 {[%clk 00:15:59]} {[%emt 00:02:55]} Nc3 {[%clk
00:21:07]} {[%emt 00:02:07]} 32. Rbc1 {[%clk 00:15:13]} {[%emt 00:01:19]} Ne4
{[%clk 00:21:07]} {[%emt 00:00:29]} 33. Bxc4 {[%clk 00:09:51]} {[%emt
00:05:53]} bxc4 {[%clk 00:20:54]} {[%emt 00:00:44]} 34. Rxc4 {[%clk 00:10:10]}
{[%emt 00:00:11]} Qb2 {[%clk 00:20:44]} {[%emt 00:00:39]} 35. R4c2 {[%clk
00:09:56]} {[%emt 00:00:45]} Qb5 {[%clk 00:20:42]} {[%emt 00:00:28]} 36. g3
{[%clk 00:09:02]} {[%emt 00:01:27]} Qb3 {[%clk 00:19:28]} {[%emt 00:01:44]} 37.
Ne5 {[%clk 00:08:19]} {[%emt 00:01:14]} a3 {[%clk 00:18:18]} {[%emt 00:01:40]}
38. Rc7 {[%clk 00:06:19]} {[%emt 00:02:30]} Nd6 {[%clk 00:18:24]} {[%emt
00:00:24]} 39. R7c3 {[%clk 00:06:28]} {[%emt 00:00:21]} Qb2 {[%clk 00:18:14]}
{[%emt 00:00:31]} 40. R1c2 {[%clk 00:06:07]} {[%emt 00:00:59]} Qb1+ {[%clk
00:18:32]} {[%emt 00:00:13]} 41. Rc1 {[%clk 00:06:20]} {[%emt 00:00:16]} a2
{[%clk 00:18:35]} {[%emt 00:00:28]} 0-1

[Event "ODJM B 2023"]
[Site "Willingen GER"]
[Date "2023.05.30"]
[Round "4"]
[White "Hornstein, Leonhard Orell"]
[Black "Heitmann, Erik"]
[Result "1/2-1/2"]
[Termination "normal"]
[Board "29"]
[WhiteElo "1476"]
[BlackElo "1236"]
[WhiteClock "00:13:56"]
[BlackClock "00:53:57"]
[PlyCount "53"]
[WhiteFideId "16254643"]
[BlackFideId "34608940"]
[EventCountry "GER"]
[EventRounds "9"]
[EventType "swiss"]
[EventDate "2023.05.27"]

1. b4 {[%clk 01:30:58]} {[%emt 00:00:02]} d5 {[%clk 01:27:07]} {[%emt
00:03:53]} 2. Bb2 {[%clk 01:30:10]} {[%emt 00:01:19]} Nf6 {[%clk 01:26:51]}
{[%emt 00:00:45]} 3. Nf3 {[%clk 01:29:59]} {[%emt 00:00:41]} e6 {[%clk
01:25:59]} {[%emt 00:01:23]} 4. a3 {[%clk 01:30:24]} {[%emt 00:00:05]} Be7
{[%clk 01:24:37]} {[%emt 00:01:52]} 5. e3 {[%clk 01:29:39]} {[%emt 00:01:15]}
O-O {[%clk 01:24:49]} {[%emt 00:00:18]} 6. c4 {[%clk 01:29:49]} {[%emt
00:00:19]} c6 {[%clk 01:23:25]} {[%emt 00:01:54]} 7. Qc2 {[%clk 01:26:21]}
{[%emt 00:03:58]} dxc4 {[%clk 01:23:22]} {[%emt 00:00:33]} 8. Bxc4 {[%clk
01:26:34]} {[%emt 00:00:18]} b5 {[%clk 01:23:17]} {[%emt 00:00:35]} 9. Bd3
{[%clk 01:23:14]} {[%emt 00:03:49]} h6 {[%clk 01:23:04]} {[%emt 00:00:43]} 10.
O-O {[%clk 01:21:47]} {[%emt 00:01:57]} Bb7 {[%clk 01:23:16]} {[%emt 00:00:19]}
11. Be2 {[%clk 01:18:00]} {[%emt 00:04:17]} Nbd7 {[%clk 01:22:04]} {[%emt
00:01:41]} 12. Nc3 {[%clk 01:16:04]} {[%emt 00:02:26]} a6 {[%clk 01:21:23]}
{[%emt 00:01:11]} 13. Ne4 {[%clk 01:06:21]} {[%emt 00:10:13]} Nxe4 {[%clk
01:19:32]} {[%emt 00:02:21]} 14. Qxe4 {[%clk 01:06:02]} {[%emt 00:00:48]} Nf6
{[%clk 01:18:22]} {[%emt 00:01:40]} 15. Bxf6 {[%clk 01:05:32]} {[%emt
00:01:01]} Bxf6 {[%clk 01:18:50]} {[%emt 00:00:02]} 16. d4 {[%clk 01:05:44]}
{[%emt 00:00:19]} Qb6 {[%clk 01:15:40]} {[%emt 00:03:39]} 17. Qf4 {[%clk
00:52:45]} {[%emt 00:13:28]} Rfd8 {[%clk 01:13:58]} {[%emt 00:02:13]} 18. Rfc1
{[%clk 00:47:03]} {[%emt 00:06:12]} a5 {[%clk 01:10:38]} {[%emt 00:03:50]} 19.
Ne5 {[%clk 00:34:41]} {[%emt 00:12:52]} Bxe5 {[%clk 01:08:29]} {[%emt
00:02:39]} 20. Qxe5 {[%clk 00:32:13]} {[%emt 00:02:59]} Rd5 {[%clk 01:07:14]}
{[%emt 00:01:45]} 21. Qe4 {[%clk 00:30:24]} {[%emt 00:02:18]} axb4 {[%clk
01:04:51]} {[%emt 00:02:53]} 22. axb4 {[%clk 00:29:37]} {[%emt 00:01:17]} Ra4
{[%emt 00:11:14]} 23. Qb1 {[%clk 00:22:59]} Rd8 {[%clk 00:59:39]} {[%emt
00:02:06]} 24. Qb2 {[%clk 00:19:57]} {[%emt 00:03:32]} Rda8 {[%clk 00:59:01]}
{[%emt 00:01:08]} 25. Bd1 {[%clk 00:19:57]} {[%emt 00:00:31]} R4a6 {[%clk
00:57:09]} {[%emt 00:02:22]} 26. Bf3 {[%clk 00:15:32]} {[%emt 00:04:55]} Kf8
{[%clk 00:53:57]} {[%emt 00:03:42]} 27. h3 {[%clk 00:13:56]} {[%emt 00:02:05]}
1/2-1/2

[Event "ODJM B 2023"]
[Site "Willingen GER"]
[Date "2023.05.30"]
[Round "4"]
[White "Sensoy, Emir"]
[Black "Schächtelin, Jakob"]
[Result "0-1"]
[Termination "normal"]
[Board "30"]
[WhiteElo "1418"]
[BlackElo "1468"]
[WhiteClock "00:06:38"]
[BlackClock "00:29:18"]
[PlyCount "130"]
[WhiteFideId "34607390"]
[BlackFideId "34620834"]
[EventCountry "GER"]
[EventRounds "9"]
[EventType "swiss"]
[EventDate "2023.05.27"]

1. e4 {[%clk 01:30:59]} e5 {[%clk 01:30:56]} {[%emt 00:00:05]} 2. Nf3 {[%clk
01:31:24]} {[%emt 00:00:04]} Nc6 {[%clk 01:31:23]} {[%emt 00:00:04]} 3. Bc4
{[%clk 01:31:50]} {[%emt 00:00:04]} Nf6 {[%clk 01:31:45]} {[%emt 00:00:08]} 4.
d3 {[%clk 01:32:15]} {[%emt 00:00:04]} Bc5 {[%clk 01:32:12]} {[%emt 00:00:04]}
5. c3 {[%clk 01:32:24]} {[%emt 00:00:21]} O-O {[%clk 01:32:35]} {[%emt
00:00:07]} 6. Nbd2 {[%clk 01:32:47]} {[%emt 00:00:06]} Re8 {[%clk 01:32:28]}
{[%emt 00:00:37]} 7. O-O {[%clk 01:32:51]} {[%emt 00:00:26]} d5 {[%clk
01:31:14]} {[%emt 00:01:45]} 8. exd5 {[%clk 01:33:12]} {[%emt 00:00:09]} Nxd5
{[%clk 01:31:36]} {[%emt 00:00:07]} 9. Ne4 {[%clk 01:33:00]} {[%emt 00:00:41]}
Bb6 {[%clk 01:31:36]} {[%emt 00:00:30]} 10. Bg5 {[%clk 01:23:29]} {[%emt
00:10:02]} Nde7 {[%clk 01:25:11]} {[%emt 00:06:56]} 11. b4 {[%clk 01:06:14]}
{[%emt 00:17:45]} h6 {[%clk 01:16:16]} {[%emt 00:09:24]} 12. Qb3 {[%clk
00:46:54]} {[%emt 00:19:50]} Rf8 {[%clk 01:13:49]} {[%emt 00:02:57]} 13. Bh4
{[%clk 00:42:33]} {[%emt 00:04:50]} Bg4 {[%clk 01:10:47]} {[%emt 00:03:32]} 14.
Kh1 {[%clk 00:41:02]} {[%emt 00:02:02]} Qd7 {[%clk 01:05:13]} {[%emt 00:06:04]}
15. Bf6 {[%clk 00:31:50]} {[%emt 00:09:43]} Bxf3 {[%clk 01:01:11]} {[%emt
00:04:32]} 16. gxf3 {[%clk 00:32:01]} {[%emt 00:00:19]} Qh3 {[%clk 01:01:36]}
{[%emt 00:00:04]} 17. Rg1 {[%clk 00:28:08]} {[%emt 00:04:23]} Qxf3+ {[%clk
00:58:54]} {[%emt 00:03:12]} 18. Rg2 {[%clk 00:28:31]} {[%emt 00:00:08]} Ng6
{[%clk 00:58:15]} {[%emt 00:01:07]} 19. Kg1 {[%clk 00:26:34]} {[%emt 00:02:29]}
Qf5 {[%clk 00:54:29]} {[%emt 00:04:15]} 20. h4 {[%clk 00:25:01]} {[%emt
00:02:03]} Nce7 {[%clk 00:45:49]} {[%emt 00:09:10]} 21. Bxe7 {[%clk 00:24:12]}
{[%emt 00:01:20]} Nxe7 {[%clk 00:46:03]} {[%emt 00:00:16]} 22. h5 {[%clk
00:23:45]} {[%emt 00:00:56]} Kh8 {[%clk 00:42:39]} {[%emt 00:03:54]} 23. Ng3
{[%clk 00:23:16]} {[%emt 00:00:59]} Qf3 {[%clk 00:39:50]} {[%emt 00:03:20]} 24.
Re1 {[%clk 00:20:18]} {[%emt 00:03:28]} Bxf2+ {[%clk 00:38:31]} {[%emt
00:01:49]} 25. Rxf2 {[%clk 00:20:42]} {[%emt 00:00:06]} Qxg3+ {[%clk 00:38:55]}
{[%emt 00:00:05]} 26. Kf1 {[%clk 00:21:00]} {[%emt 00:00:11]} Qh3+ {[%clk
00:38:18]} {[%emt 00:01:08]} 27. Ke2 {[%clk 00:20:29]} {[%emt 00:01:01]} Qxh5+
{[%clk 00:38:35]} {[%emt 00:00:13]} 28. Kd2 {[%clk 00:20:48]} {[%emt 00:00:09]}
f6 {[%clk 00:37:54]} {[%emt 00:01:14]} 29. Rg1 {[%clk 00:20:36]} {[%emt
00:00:35]} Qh4 {[%clk 00:37:03]} {[%emt 00:01:27]} 30. Rfg2 {[%clk 00:20:28]}
{[%emt 00:00:38]} Qf4+ {[%clk 00:37:24]} {[%emt 00:00:10]} 31. Kc2 {[%clk
00:20:14]} {[%emt 00:00:43]} Nf5 {[%clk 00:37:29]} {[%emt 00:00:25]} 32. Kb2
{[%clk 00:20:04]} {[%emt 00:00:41]} Rae8 {[%clk 00:35:47]} {[%emt 00:02:12]}
33. Rg4 {[%clk 00:19:07]} {[%emt 00:01:25]} Qf2+ {[%clk 00:35:31]} {[%emt
00:00:47]} 34. Ka3 {[%clk 00:19:20]} {[%emt 00:00:18]} Re7 {[%clk 00:35:26]}
{[%emt 00:00:33]} 35. R4g2 {[%clk 00:17:38]} {[%emt 00:02:10]} Qb6 {[%clk
00:34:42]} {[%emt 00:01:17]} 36. Rg6 {[%clk 00:16:26]} {[%emt 00:01:42]} Ne3
{[%clk 00:33:28]} {[%emt 00:01:43]} 37. Kb2 {[%clk 00:13:36]} {[%emt 00:03:20]}
Nxc4+ {[%clk 00:33:50]} {[%emt 00:00:09]} 38. Qxc4 {[%clk 00:14:01]} {[%emt
00:00:05]} a5 {[%clk 00:33:05]} {[%emt 00:01:15]} 39. R1g4 {[%clk 00:07:08]}
{[%emt 00:07:23]} axb4 {[%clk 00:33:17]} {[%emt 00:00:17]} 40. Qxb4 {[%clk
00:07:12]} {[%emt 00:00:27]} Qxb4+ {[%clk 00:33:41]} {[%emt 00:00:07]} 41. Rxb4
{[%clk 00:07:24]} {[%emt 00:00:17]} b6 {[%clk 00:34:01]} {[%emt 00:00:10]} 42.
Kc2 {[%clk 00:07:38]} {[%emt 00:00:16]} f5 {[%clk 00:34:20]} {[%emt 00:00:11]}
43. Kd2 {[%clk 00:07:22]} {[%emt 00:00:46]} Kh7 {[%clk 00:34:00]} {[%emt
00:00:50]} 44. Rg1 {[%clk 00:07:23]} {[%emt 00:00:29]} g5 {[%clk 00:33:41]}
{[%emt 00:00:49]} 45. Ke3 {[%clk 00:07:19]} {[%emt 00:00:34]} Rfe8 {[%clk
00:33:27]} {[%emt 00:00:44]} 46. Rb5 {[%clk 00:06:25]} {[%emt 00:01:25]} Kg6
{[%clk 00:33:23]} {[%emt 00:00:33]} 47. Rf1 {[%clk 00:06:37]} {[%emt 00:00:19]}
f4+ {[%clk 00:33:45]} {[%emt 00:00:08]} 48. Ke4 {[%clk 00:06:50]} {[%emt
00:00:17]} h5 {[%clk 00:33:07]} {[%emt 00:01:07]} 49. Rb2 {[%clk 00:07:10]}
{[%emt 00:00:08]} h4 {[%clk 00:32:21]} {[%emt 00:01:19]} 50. Rh2 {[%clk
00:06:55]} {[%emt 00:00:40]} Rh8 {[%clk 00:31:34]} {[%emt 00:01:21]} 51. Rg1
{[%clk 00:06:48]} {[%emt 00:00:37]} Kh5 {[%clk 00:31:33]} {[%emt 00:00:31]} 52.
Rhg2 {[%clk 00:06:41]} {[%emt 00:00:38]} Rg8 {[%clk 00:31:38]} {[%emt
00:00:24]} 53. Rg4 {[%clk 00:05:52]} {[%emt 00:01:19]} h3 {[%clk 00:31:02]}
{[%emt 00:01:06]} 54. Kf3 {[%clk 00:05:51]} {[%emt 00:00:31]} Rd7 {[%clk
00:30:56]} {[%emt 00:00:36]} 55. d4 {[%clk 00:05:24]} {[%emt 00:00:58]} exd4
{[%clk 00:30:00]} {[%emt 00:01:25]} 56. Rh1 {[%clk 00:05:36]} {[%emt 00:00:17]}
d3 {[%clk 00:29:57]} {[%emt 00:00:34]} 57. Rxh3+ {[%clk 00:05:34]} {[%emt
00:00:32]} Kg6 {[%clk 00:30:20]} {[%emt 00:00:07]} 58. Rh1 {[%clk 00:05:43]}
{[%emt 00:00:21]} d2 {[%clk 00:30:40]} {[%emt 00:00:11]} 59. Rd1 {[%clk
00:05:54]} {[%emt 00:00:19]} Re8 {[%clk 00:29:57]} {[%emt 00:01:57]} 60. Rgg1
{[%clk 00:05:38]} {[%emt 00:00:44]} Kf5 {[%clk 00:30:06]} {[%emt 00:00:24]} 61.
c4 {[%clk 00:05:46]} {[%emt 00:00:22]} Re3+ {[%clk 00:29:04]} {[%emt 00:01:32]}
62. Kf2 {[%clk 00:06:10]} {[%emt 00:00:05]} g4 {[%clk 00:28:56]} {[%emt
00:00:38]} 63. a4 {[%clk 00:06:31]} {[%emt 00:00:10]} g3+ {[%clk 00:29:13]}
{[%emt 00:00:12]} 64. Kg2 {[%clk 00:06:14]} {[%emt 00:00:47]} Kg4 {[%clk
00:29:18]} {[%emt 00:00:25]} 65. c5 {[%clk 00:06:38]} {[%emt 00:00:07]} f3+
{[%emt 00:01:10]} 0-1

[Event "ODJM B 2023"]
[Site "Willingen GER"]
[Date "2023.05.30"]
[Round "4"]
[White "Eitel, Luc"]
[Black "Claussen, Alexander"]
[Result "1-0"]
[Termination "normal"]
[Board "31"]
[WhiteElo "1424"]
[BlackElo "1430"]
[WhiteClock "01:15:55"]
[BlackClock "01:19:41"]
[PlyCount "25"]
[WhiteFideId "16299728"]
[BlackFideId "16248910"]
[EventCountry "GER"]
[EventRounds "9"]
[EventType "swiss"]
[EventDate "2023.05.27"]

1. e4 {[%clk 01:29:59]} {[%emt 00:01:01]} e6 {[%clk 01:30:53]} {[%emt
00:00:07]} 2. d4 {[%clk 01:30:07]} {[%emt 00:00:22]} d5 {[%clk 01:31:18]}
{[%emt 00:00:06]} 3. Nd2 {[%clk 01:27:57]} {[%emt 00:02:40]} Nf6 {[%clk
01:29:59]} {[%emt 00:01:48]} 4. e5 {[%clk 01:27:49]} {[%emt 00:00:38]} Ne4
{[%clk 01:28:58]} {[%emt 00:01:32]} 5. Nxe4 {[%clk 01:24:25]} {[%emt 00:03:54]}
dxe4 {[%clk 01:29:21]} {[%emt 00:00:06]} 6. g3 {[%clk 01:24:16]} {[%emt
00:00:40]} c5 {[%clk 01:27:27]} {[%emt 00:02:23]} 7. c3 {[%clk 01:20:17]}
{[%emt 00:04:29]} Nc6 {[%clk 01:25:41]} {[%emt 00:02:16]} 8. Ne2 {[%clk
01:20:03]} {[%emt 00:00:44]} cxd4 {[%clk 01:21:51]} {[%emt 00:04:19]} 9. cxd4
{[%clk 01:19:36]} {[%emt 00:00:58]} Bb4+ {[%clk 01:22:06]} {[%emt 00:00:16]}
10. Bd2 {[%clk 01:19:34]} {[%emt 00:00:32]} Qb6 {[%clk 01:21:12]} {[%emt
00:01:24]} 11. Bg2 {[%clk 01:16:27]} {[%emt 00:03:37]} Nxd4 {[%clk 01:19:20]}
{[%emt 00:02:20]} 12. Nxd4 {[%clk 01:15:36]} {[%emt 00:01:22]} Qxd4 {[%clk
01:19:41]} {[%emt 00:00:09]} 13. Qa4+ {[%clk 01:15:55]} {[%emt 00:00:11]} 1-0

[Event "ODJM B 2023"]
[Site "Willingen GER"]
[Date "2023.05.30"]
[Round "4"]
[White "Stepanjan, Tatevik Mia"]
[Black "Link, Moritz"]
[Result "0-1"]
[Termination "normal"]
[Board "32"]
[WhiteElo "1206"]
[BlackElo "1589"]
[WhiteClock "00:45:29"]
[BlackClock "00:08:11"]
[PlyCount "58"]
[WhiteFideId "16246128"]
[BlackFideId "34605924"]
[EventCountry "GER"]
[EventRounds "9"]
[EventType "swiss"]
[EventDate "2023.05.27"]

1. e4 {[%clk 01:30:58]} {[%emt 00:00:02]} e5 {[%clk 01:30:55]} {[%emt
00:00:05]} 2. Nf3 {[%clk 01:31:16]} {[%emt 00:00:12]} Nc6 {[%clk 01:31:15]}
{[%emt 00:00:10]} 3. Nc3 {[%clk 01:31:17]} {[%emt 00:00:29]} Nge7 {[%clk
01:28:19]} {[%emt 00:03:27]} 4. Bc4 {[%clk 01:30:51]} {[%emt 00:00:55]} Na5
{[%clk 01:27:12]} {[%emt 00:01:37]} 5. Be2 {[%clk 01:29:42]} {[%emt 00:01:39]}
Ng6 {[%clk 01:25:16]} {[%emt 00:02:25]} 6. a3 {[%clk 01:29:47]} {[%emt
00:00:26]} b6 {[%clk 01:14:30]} {[%emt 00:11:15]} 7. b4 {[%clk 01:29:49]}
{[%emt 00:00:28]} Nc6 {[%clk 01:14:58]} {[%emt 00:00:02]} 8. Bc4 {[%clk
01:29:42]} {[%emt 00:00:37]} Be7 {[%clk 01:10:59]} {[%emt 00:04:29]} 9. Bb2
{[%clk 01:29:28]} {[%emt 00:00:45]} Bb7 {[%clk 01:06:22]} {[%emt 00:05:07]} 10.
d4 {[%clk 01:27:01]} {[%emt 00:02:57]} exd4 {[%clk 01:03:32]} {[%emt 00:03:20]}
11. Nxd4 {[%clk 01:26:50]} {[%emt 00:00:41]} Nxd4 {[%clk 01:03:16]} {[%emt
00:00:45]} 12. Qxd4 {[%clk 01:26:43]} {[%emt 00:00:37]} Bf6 {[%clk 01:03:13]}
{[%emt 00:00:34]} 13. Qe3 {[%clk 01:25:48]} {[%emt 00:01:24]} O-O {[%clk
00:57:08]} {[%emt 00:06:36]} 14. O-O {[%clk 01:21:42]} {[%emt 00:04:36]} Re8
{[%clk 00:55:05]} {[%emt 00:02:33]} 15. f3 {[%clk 01:19:18]} {[%emt 00:02:54]}
c6 {[%clk 00:38:32]} {[%emt 00:17:04]} 16. Qd2 {[%clk 01:18:51]} {[%emt
00:00:56]} Qc7 {[%clk 00:36:42]} {[%emt 00:02:20]} 17. Nd1 {[%clk 01:16:02]}
{[%emt 00:03:18]} Bxb2 {[%clk 00:30:50]} {[%emt 00:06:22]} 18. Nxb2 {[%clk
01:16:16]} {[%emt 00:00:17]} Rad8 {[%clk 00:26:22]} {[%emt 00:04:59]} 19. Qc3
{[%clk 01:15:06]} {[%emt 00:01:39]} Re7 {[%clk 00:24:21]} {[%emt 00:02:31]} 20.
Rad1 {[%clk 01:14:16]} {[%emt 00:01:19]} d5 {[%clk 00:20:37]} {[%emt 00:04:15]}
21. Bd3 {[%clk 01:11:34]} {[%emt 00:03:11]} Nf4 {[%clk 00:18:17]} {[%emt
00:02:50]} 22. exd5 {[%clk 01:08:20]} {[%emt 00:03:44]} Rxd5 {[%clk 00:18:10]}
{[%emt 00:00:37]} 23. Rfe1 {[%clk 01:00:16]} {[%emt 00:08:34]} Rg5 {[%clk
00:15:30]} {[%emt 00:03:10]} 24. g3 {[%clk 00:57:21]} {[%emt 00:03:26]} Ne6
{[%clk 00:12:19]} {[%emt 00:03:40]} 25. Nc4 {[%clk 00:54:13]} {[%emt 00:03:39]}
c5 {[%clk 00:08:46]} {[%emt 00:04:04]} 26. Rf1 {[%clk 00:50:00]} {[%emt
00:04:41]} Rxg3+ {[%clk 00:08:17]} {[%emt 00:00:59]} 27. Kf2 {[%clk 00:46:11]}
{[%emt 00:04:19]} Rxf3+ {[%clk 00:08:03]} {[%emt 00:00:45]} 28. Ke2 {[%clk
00:46:17]} {[%emt 00:00:24]} Qxh2+ {[%clk 00:08:01]} {[%emt 00:00:32]} 29. Ke1
{[%clk 00:45:29]} {[%emt 00:01:17]} Nd4+ {[%clk 00:08:11]} {[%emt 00:00:21]}
0-1

[Event "ODJM B 2023"]
[Site "Willingen GER"]
[Date "2023.05.30"]
[Round "4"]
[White "Christen, Jan"]
[Black "Fettig, Konrad"]
[Result "1-0"]
[Termination "normal"]
[Board "33"]
[WhiteElo "1598"]
[BlackElo "1601"]
[WhiteClock "00:31:37"]
[BlackClock "00:24:36"]
[PlyCount "41"]
[WhiteFideId "34643320"]
[BlackFideId "34622888"]
[EventCountry "GER"]
[EventRounds "9"]
[EventType "swiss"]
[EventDate "2023.05.27"]

1. d4 {[%clk 01:30:56]} {[%emt 00:00:04]} d5 {[%clk 01:30:32]} {[%emt
00:00:29]} 2. c4 {[%clk 01:31:19]} {[%emt 00:00:05]} e6 {[%clk 01:30:45]}
{[%emt 00:00:18]} 3. Nf3 {[%clk 01:31:38]} {[%emt 00:00:11]} c5 {[%clk
01:29:24]} {[%emt 00:01:52]} 4. cxd5 {[%clk 01:29:31]} {[%emt 00:02:35]} exd5
{[%clk 01:28:58]} {[%emt 00:00:57]} 5. Nc3 {[%clk 01:29:09]} {[%emt 00:00:51]}
Nf6 {[%clk 01:27:46]} {[%emt 00:01:43]} 6. Bf4 {[%clk 01:24:18]} {[%emt
00:05:20]} Nc6 {[%clk 01:24:14]} {[%emt 00:04:04]} 7. h3 {[%clk 01:23:38]}
{[%emt 00:01:08]} Bf5 {[%clk 01:13:06]} {[%emt 00:11:39]} 8. e3 {[%clk
01:22:40]} {[%emt 00:01:26]} Be7 {[%clk 01:08:07]} {[%emt 00:05:31]} 9. Bb5
{[%clk 01:17:07]} {[%emt 00:06:01]} O-O {[%clk 01:03:57]} {[%emt 00:04:41]} 10.
O-O {[%clk 01:16:29]} {[%emt 00:01:08]} cxd4 {[%clk 00:56:45]} {[%emt
00:07:42]} 11. Nxd4 {[%clk 01:13:17]} {[%emt 00:03:41]} Nxd4 {[%clk 00:56:28]}
{[%emt 00:00:48]} 12. Qxd4 {[%clk 01:12:34]} {[%emt 00:01:12]} Be6 {[%clk
00:51:32]} {[%emt 00:05:27]} 13. Rfd1 {[%clk 01:10:48]} {[%emt 00:02:16]} Nh5
{[%clk 00:47:44]} {[%emt 00:04:19]} 14. Be5 {[%clk 01:06:47]} {[%emt 00:04:28]}
Nf6 {[%clk 00:43:36]} {[%emt 00:04:40]} 15. Ba4 {[%clk 01:00:37]} {[%emt
00:06:40]} Qa5 {[%clk 00:36:57]} {[%emt 00:07:10]} 16. Bc2 {[%clk 00:44:12]}
{[%emt 00:16:54]} Rfd8 {[%clk 00:35:03]} {[%emt 00:02:25]} 17. Qh4 {[%clk
00:40:48]} {[%emt 00:03:52]} h6 {[%clk 00:32:58]} {[%emt 00:02:36]} 18. f4
{[%clk 00:38:02]} {[%emt 00:03:15]} Qb6 {[%clk 00:29:44]} {[%emt 00:03:46]} 19.
Bd4 {[%clk 00:34:15]} {[%emt 00:04:16]} Bc5 {[%clk 00:25:29]} {[%emt 00:04:46]}
20. Na4 {[%clk 00:33:13]} {[%emt 00:01:31]} Qc6 {[%clk 00:24:36]} {[%emt
00:01:24]} 21. Nxc5 {[%clk 00:31:37]} {[%emt 00:02:53]} 1-0